000 00874cam a2200265 a 4500
005 20251010085531.0
020 _a0195141628
_cTZS 79,380/=
020 _a9780195141627
040 _aMCCL
_beng.
_eAACR 2nd rev. ed.
082 0 0 _a808.06634
100 1 _aGarner, Bryan A.
245 1 4 _aThe elements of legal style /
_cBryan A. Garner.
250 _a2nd ed.
260 _aNew York :
_bOxford University Press,
_cc2002.
300 _axvii, 268 p. :
_c22 cm.
_bill.;
504 _aIncludes bibliographical references and index.
546 _aeng.
650 0 _aLegal composition.
650 0 _aLaw
_zUnited States-language
650 0 _aLaw
_zUnited States-methodology
700 _aGarner, B. A.
856 4 2 _uhttp://www.loc.gov/catdir/enhancements/fy0611/2001055476-d.html
856 4 2 _uhttp://www.loc.gov/catdir/enhancements/fy0722/2001055476-b.html
942 _cBK
999 _c12430
_d12430